000 00964nam a2200277 i 4500
003 DO-SdBNP
005 20240709085822.0
007 ta
008 240709b1991 sp ||||| |||| 00| 0 spa d
020 _a8477650497
040 _aDO-SdBNP
_bspa
_cBNPHU
_erda
082 4 _222
100 1 _aCorneau, Guy,
_eautor
_986014
245 1 0 _aHijos del silencio :
_bqué significa hoy la masculinidad y la paternidad? /
_cGuy Corneau ; traductor, Alfonso Andrade Franco
264 _aBarcelona :
_bCirce,
_c1991.
300 _a239 páginas ;
_c21 cm.
336 _2rdacontent
_atexto
_btxt
337 _2rdamedia
_asin mediación
_bn
338 _2rdacarrier
_avolumen
_bnc
500 _aIncluye referencias bibliográficas y notas al pie de las páginas
500 _aIncluye datos biográficos del autor en la solapa de la cubierta
590 _aInventariado, 2024/BT
700 1 _aAndrade Franco, Alfonso,
_etraductor
_986015
910 _aBtavárez
942 _2ddc
_cLBS1
999 _c57222
_d57222